Arquitectura escolar /
Para lograr sus objetivos pedagógicos, la escuela necesita, entre otras cosas, una arquitectura que le sea funcional. La infraestructura escolar condiciona el proceso educativo, y es fundamental para garantizar que la educación pública y gratuita sea la base de la igualdad y el progreso social. ¿Cóm...
Guardado en:
| Autor Principal: | |
|---|---|
| Autor Corporativo: | |
| Otros Autores: | |
| Formato: | |
| Publicado: |
Argentina,
2012
|
| Series: | Pública y gratuita
|
| Materias: | |
| Etiquetas: |
Agregar Etiqueta
Sin Etiquetas, Sea el primero en etiquetar este registro!
|
| LEADER | 01455ngm a22003735g 4500 | ||
|---|---|---|---|
| 001 | CEM.cems023682 | ||
| 008 | 130507s2012##################0###0#####d | ||
| 005 | 20250623151933.0 | ||
| 245 | 1 | 0 | |a Arquitectura escolar / |c Damián Cukierkorn. |
| 260 | |a Argentina, |c 2012 | ||
| 300 | |a 26'. | ||
| 490 | 0 | |a Pública y gratuita | |
| 520 | |a Para lograr sus objetivos pedagógicos, la escuela necesita, entre otras cosas, una arquitectura que le sea funcional. La infraestructura escolar condiciona el proceso educativo, y es fundamental para garantizar que la educación pública y gratuita sea la base de la igualdad y el progreso social. ¿Cómo se relaciona la arquitectura escolar con la educación pública y gratuita? | ||
| 538 | |a Soporte: DVD - Color: Si - Grabación DRD. | ||
| 500 | |a Consultar en ventanilla. | ||
| 100 | 1 | |a Cukierkorn, Damián | |
| 700 | 1 | |a Pecoraro, Susú; Narración. | |
| 710 | 2 | |a Canal Encuentro. | |
| 082 | 3 | 7 | |/ CUK |
| 653 | |a EDUCACION | ||
| 653 | |a EDUCACION ARGENTINA | ||
| 653 | |a HISTORIA DE LA EDUCACION | ||
| 653 | |a TEORIA DE LA EDUCACION | ||
| 653 | |a ESCUELA | ||
| 653 | |a ENSEÑANZA | ||
| 653 | |a EDUCACION PUBLICA | ||
| 653 | |a APRENDIZAJE | ||
| 653 | |a FORMACION | ||
| 653 | |a PEDAGOGIA | ||
| 653 | |a CAPACITACION DOCENTE | ||
| 653 | |a DOCENCIA | ||
| 653 | |a INFRAESTRUCTURA ESCOLAR | ||
| 653 | |a SERIE DE TELEVISIÓN | ||
| 859 | |a CEMS |b BIB. CEMS - Depto. Recursos Didacticos |h 379 |i CUK |k DRD |p 2325.15 |t Ej.1 | ||
